Statistics for Guess BFDI's Secret Message

Click here to take the quiz!

General Stats

  • This quiz has been taken 74 times
  • The average score is 17 of 25

Answer Stats

Secret Message% Correct
I
90%
Yeah,
87%
the
85%
the
85%
the
85%
you
83%
episode
75%
no
75%
see
75%
what
73%
is
71%
is
71%
it:
69%
it?
69%
number.
67%
of
65%
are
63%
coincidence.
63%
word
62%
Message,
60%
This
58%
place
56%
taking
56%
Now
54%
with
38%

Score Distribution

Percentile by Number Answered

Percent of People with Each Score

Your Score History

You have not taken this quiz